| 000 | 00338nam a2200133Ia 4500 | ||
|---|---|---|---|
| 005 | 20250729165807.0 | ||
| 008 | 250729s2015 xx 000 0 und d | ||
| 041 | _aeng | ||
| 082 | _a540 RAJB | ||
| 100 |
_aRajendra K _9233131 |
||
| 245 | _aBiology Ist P U C | ||
| 260 |
_aMangalore _bBoscoss Publication _c2015 |
||
| 650 |
_aBiology _9233132 |
||
| 999 |
_c240128 _d240128 |
||